Представление документа в формате MARC21

Поле Инд. ПП Название Значение
Тип записи a
Библиографический уровень m
001 Контрольный номер RU/IS/BASE/263562608
005 Дата корректировки 20250328152706.5
008 Кодируемые данные 19950626
040 00 e Правила каталог. Л 950626
084 a Индекс другой классификации/Индекс ББК 84(4Фра)52-44
090 00 a Полочн. индекс 84(4Фра)52-44
x Авторский знак Б 211
097 00 a 230
100 10 a Автор Бальзак О. де
q Полное имя Бальзак Оноре де
245 00 a Заглавие Повести и рассказы
b Продолж. заглавия перевод с французского: в 2 т.
n Номер части/ раздела Т.2
c Ответственность редактор О. Лозовецкий; художник Н. Шишловский
260 00 a Место издания Москва
b Издательство Художественная литература
c Дата издания 1959
300 00 a Объем 536 с.
336 a Термин вида содержания Текст
337 a Термин типа средства непосредственный
504 a Библиография Примеч.: с. 521-533
505 0_ a Форматированное содержание Дело об опеке
505 0_ a Форматированное содержание Фачино Кане
505 0_ a Форматированное содержание Тайны графини де Кадиньян
505 0_ a Форматированное содержание Пьер Грассу
505 0_ a Форматированное содержание З. Маркас
505 0_ a Форматированное содержание Побочная семья
505 0_ a Форматированное содержание Мнимая любовница
505 0_ a Форматированное содержание Онорина
505 0_ a Форматированное содержание Принц богемы
650 04 a Основная рубрика художественная литература
653 00 a Ключевые слова XIX век
a Ключевые слова Франция
a Ключевые слова французская литература
655 00 a Жанр/ форма (устаревшее) проза
a Жанр/ форма (устаревшее) повесть
a Жанр/ форма (устаревшее) рассказ
700 12 a Автор Лозовецкий О.
e Роль лиц редактор
700 1_ a Автор Шишловский Н.
e Роль лиц художник
901 t Тип документа m
952 a Тип литературы для КСУ ВШ ЛХИ